000 00864nam a22002777a 4500
001 BR7908409
003 BR-BrBNA
005 20230928090354.0
007 ta
008 230509b bl.||||| |||| 00| 0 por d
040 _aBR-BrBNA
_bpor
_cBiblioteca Nacional de Agricultura
041 _a(Por)
072 _aE30; E50
_b/G514
090 _ E30 BR7908409
110 1 _aSecretaria da Agricultura do Maranhao, Sao Luis (Brasil)
_98255
245 1 _aProjeto para inclusao da Regiao do Sul do Estado do Maranhao na area de acao do Polocentro [agropecuaria, desenvolvimento economico, Brasil]
260 3 _aSao Luis, MA (Brasil):
_c1979.
300 _a23 p.
500 _a7 illus.
650 _aAGRICULTURA
650 _aDESENVOLVIMENTO ECONOMICO
650 _aSOCIOLOGIA RURAL
650 _aMARANHAO
909 _a202309
_bLucia
_c55
_dLucia Elande
942 _cBK
999 _c28606
_d28606